| 000 | 00867nam a22003137a 4500 | ||
|---|---|---|---|
| 001 | BR6002584 | ||
| 003 | BR-BrBNA | ||
| 005 | 20240108115239.0 | ||
| 008 | 230509b bl.||||| |||| 00| 0 por d | ||
| 040 |
_aBR-BrBNA _bpor |
||
| 041 | _apor | ||
| 072 | _aA00; E10 | ||
| 090 |
_bBR6002584 _aA00 |
||
| 100 | 1 | _aLima, S.G. de C. | |
| 100 | 1 | _aElfes, A. | |
| 100 | 1 | _aGerber, H.Y. | |
| 100 | 1 | _aPires, J.O. | |
| 110 | 1 |
_aInstituto Nacional de Colonizacao e Reforma Agraria, Curitiba, PR (Brasil) _96426 |
|
| 245 | 1 | _aMorretes e suas possibilidades [agropecuaria, Parana, Brasil] | |
| 260 | 3 |
_aCuritiba, PR (Brasil): _c1970. |
|
| 300 | _a135 p. | ||
| 650 | _aAGRICULTURA | ||
| 650 | _aPECUARIA | ||
| 650 | _aDESENVOLVIMENTO ECONOMICO | ||
| 650 | _aPARANA | ||
| 909 |
_a12/2024 _bSarah |
||
| 942 | _cBK | ||
| 999 |
_c11751 _d11751 |
||